|
|
|
|
| LEADER |
00732 a2200181 4500 |
| 008 |
141216b xxu||||| |||| 00| 0 mal d |
| 020 |
|
|
|a 9788182648494
|
| 082 |
|
|
|a 855.710924
|
| 100 |
|
|
|a Subhash Chandran.
|
| 245 |
|
|
|a കാണുന്ന നേരത്ത് :
|b അനുഭവക്കുറിപ്പുകൾ /
|c Subhash Chandran.
|
| 246 |
|
|
|a Kanunnanerathu :
|b anubhava kurippukal /
|
| 260 |
|
|
|c 2010.
|b Mathrubhumi Books,
|a Kozhikode :
|
| 300 |
|
|
|a 111p. ;
|c 22 cm.
|
| 546 |
|
|
|a Malayalam
|
| 650 |
|
|
|a Subhash Chandran
|x Autobiography.
|
| 942 |
|
|
|2 ddc
|c BK
|
| 999 |
|
|
|c 104070
|d 104070
|
| 952 |
|
|
|0 0
|1 0
|4 0
|6 855_710924000000000_SUB_K_M
|7 0
|9 105551
|a UL
|b UL
|c REF
|d 2014-01-06
|e 2
|g 47.60
|l 0
|o 855.710924 SUB/K M
|p 91433
|r 2014-06-28
|v 70.00
|y REF
|